Dalit women: (Record no. 145981)
[ view plain ]
| 000 -LEADER | |
|---|---|
| fixed length control field | 00926nam a22002537a 4500 |
| 005 - DATE AND TIME OF LATEST TRANSACTION | |
| control field | 20230301114008.0 |
| 010 ## - LCCN (DPL NO) | |
| LC control number | 1718EN-30 ENG-122531 ENG-136061 |
| 020 ## - INTERNATIONAL STANDARD BOOK NUMBER | |
| International Standard Book Number | 9789383166183 |
| Terms of availability | 625.00 |
| 035 ## - SYSTEM CONTROL NUMBER | |
| System control number | B-682569-573 EN-106063 |
| 035 ## - SYSTEM CONTROL NUMBER | |
| System control number | EN-119593 |
| 037 ## - SOURCE OF ACQUISITION | |
| Source of stock number/acquisition | Aakar |
| Stock number | dpl |
| 037 ## - SOURCE OF ACQUISITION | |
| Source of stock number/acquisition | DBAD/PUB. |
| 082 ## - DEWEY DECIMAL CLASSIFICATION NUMBER | |
| Classification number | 305.568808209548 |
| 100 ## - MAIN ENTRY--PERSONAL NAME | |
| Personal name | Still, Clarinda |
| 245 ## - TITLE STATEMENT | |
| Title | Dalit women: |
| Remainder of title | honour and patriarchy in South India / |
| Statement of responsibility, etc | by Clarinda Still |
| 250 ## - EDITION STATEMENT | |
| Edition statement | 2nd. |
| 260 ## - PUBLICATION, DISTRIBUTION, ETC. (IMPRINT) | |
| Place of publication, distribution, etc | New Delhi |
| Name of publisher, distributor, etc | Social Science Press |
| Date of publication, distribution, etc | 2017 |
| 270 ## - ADDRESS | |
| Address | 69, Jor Bagh |
| City | New Delhi |
| Postal code | 110003 |
| 300 ## - PHYSICAL DESCRIPTION | |
| Extent | 258p. : |
| Dimensions | 22cm(pbk) |
| 500 ## - GENERAL NOTE | |
| General note | Includes bibliographical; reference and index |
| 505 ## - FORMATTED CONTENTS NOTE | |
| Formatted contents note | |
| 942 ## - ADDED ENTRY ELEMENTS (KOHA) | |
| Source of classification or shelving scheme | Dewey Decimal Classification |
| Item type | English Books |
| Call number suffix | STI |
| Classification part | 305.568808209548 |
| Withdrawn status | Lost status | Not for loan | Collection code | Home library | Current library | Date acquired | Source of acquisition | Cost, normal purchase price | Full call number | Barcode | Copy number | Cost, replacement price | Koha item type |
|---|---|---|---|---|---|---|---|---|---|---|---|---|---|
| Non-fiction | Ashok Vihar | Ashok Vihar | 13/01/2018 | Aakar/I-2011/30.11.17/BPPD/EN/2017-18/631/20.11.17/14.12.2017 | 625.00 | 305.568808209548 STI | B-682570 | 1 | 625.00 | English Books | |||
| Non-fiction | Bawana | Bawana | 13/01/2018 | Aakar/I-2011/30.11.17/BPPD/EN/2017-18/631/20.11.17/14.12.2017 | 625.00 | 305.568808209548 STI | B-682573 | 1 | 625.00 | English Books | |||
| Non-fiction | Central Library | Central Library | 13/01/2018 | Aakar/I-2011/30.11.17/BPPD/EN/2017-18/631/20.11.17/14.12.2017 | 625.00 | 305.568808209548 STI | B-682569 | 1 | 625.00 | English Books | |||
| Non-fiction | Janak Puri | Janak Puri | 13/01/2018 | Aakar/I-2011/30.11.17/BPPD/EN/2017-18/631/20.11.17/14.12.2017 | 625.00 | 305.568808209548 STI | B-682572 | 1 | 625.00 | English Books | |||
| Non-fiction | Kadipur | Kadipur | 27/01/2023 | DBAD/PUB | 625.00 | 305.568808209548 STI | EN-119593 | 1 | 625.00 | English Books | |||
| Non-fiction | Patel Nagar | Patel Nagar | 13/01/2018 | Aakar/I-2011/30.11.17/BPPD/EN/2017-18/631/20.11.17/14.12.2017 | 625.00 | 305.568808209548 STI | B-682571 | 1 | 625.00 | English Books | |||
| Not For Loan | Non-fiction | D.B.Act.Division | Sarojini Nagar | 10/04/2018 | DBAD/PUB | 625.00 | 305.568808209548 STI | EN-106063 | 1 | 625.00 | English Books |
